Γεωστρατηγική και ενέργεια στην Ανατολική Μεσόγειο : διπλωματική εργασία [μεταπτυχιακή εργασία]
Saved in:
| Main Author: | |
|---|---|
| Corporate Author: | |
| Other Authors: | |
| Format: | Thesis Book |
| Language: | Greek |
| Published: |
2011
|
| Subjects: | |
| Online Access: | http://hdl.handle.net/11610/12315 |
| Tags: |
Add Tag
No Tags, Be the first to tag this record!
|
MARC
| LEADER | 00000cam a2200000 i 4500 | ||
|---|---|---|---|
| 001 | 1/41558 | ||
| 008 | 140206s2011 gre d | ||
| 035 | |l 10116588 | ||
| 040 | |a GR-MY-UA |b gre |e aacr | ||
| 041 | 0 | |a gre | |
| 082 | 0 | |a 333.79 |2 (22) | |
| 100 | 1 | |a Κορομηλάς, Γεώργιος. | |
| 245 | 1 | 0 | |a Γεωστρατηγική και ενέργεια στην Ανατολική Μεσόγειο : |b διπλωματική εργασία [μεταπτυχιακή εργασία] / |c Κορομηλάς Γεώργιος ; επιβλέπουσα: Παρασκευή Κεφαλά |
| 260 | |c 2011 | ||
| 300 | |a 83 σ.; |b πίν., χάρτ.; |c 30 εκ. | ||
| 500 | |a Μέλη εξεταστικής επιτροπής: Σεϊμένης Ιωάννης, Σακκάς Ιωάννης | ||
| 502 | |a Διατριβή (μεταπτυχιακή) – Πανεπιστήμιο Αιγαίου, Ρόδος, 2011. | ||
| 504 | |a Βιβλιογραφία: σ. 54-60 | ||
| 650 | 0 | 0 | |a Energy. |
| 650 | 0 | 0 | |a Geopolitics. |
| 650 | 0 | 0 | |a Strategic planning. |
| 650 | 0 | 0 | |a Dissertations, Academic |z Greece. |
| 651 | 0 | |a Mediterranean Region |x Strategic aspects. | |
| 700 | 1 | |a Κεφαλά, Παρασκευή. |4 ths | |
| 710 | 2 | |a Πανεπιστήμιο Αιγαίου |b Σχολή Ανθρωπιστικών Επιστημών |b Τμήμα Μεσογειακών Σπουδών |b Πρόγραμμα Μεταπτυχιακών Σπουδών Πολιτικές, Οικονομικές και Διεθνείς Σχέσεις στη Μεσόγειο. | |
| 852 | |a INST |b RHODES |c DIATR |e 20140206 |h 333.79 ΚΟΡ |p 005400036102 |q 005400036102 |t MTXE |y 23 | ||
| 852 | |a INST |b RHODES |c DIATR |e 20140206 |h 333.79 ΚΟΡ |p 005400036103 |q 005400036103 |t MTXE |y 23 | ||
| 856 | |u http://hdl.handle.net/11610/12315 | ||
| 901 | |a BIBL4-2014-1 | ||
| 909 | |a Ρ |b 182608 | ||
| 909 | |a Ρ |b 182609 | ||
| 924 | |a Κορομηλάς |b Γεώργιος |y Ρόδος |z 2011-10 | ||
| 970 | |z 2014/02/06 | ||